00697nam a2200229Ia 4500003000900000008004100009040001300050040001300063041000800076100001600084245005400100250001100154260001500165260000900180300001100189300001000200490003500210490000600245942000700251999001700258952019200275IT-RoPAU120407s9999 xx 000 0 und d aIT-RoPAU cIT-RoPAU aita aJohann Auer a"La Chiesa. Edizione italiana a cura di C.Molari" aAssisi aCittadella c1988 a640 p. c19 cm aPiccola dogmatica cattolica, 8 v1 cBK c36190d36190 00102ddc406230_200000000000000_49871aPAULUSbPAULUSd2012-04-11l0o230.2.498r2012-04-11 00:00:00w2012-04-11yBKzInserito da: Anna In data: n.d. fondo: Via A.Severo 56 Progr:18689